Právo v nevýrobních odvětvích

Na minha lista:
Detalhes bibliográficos
Autor Corporativo: Vysoká škola ekonomická v Praze. Obchodní fakulta
Formato: Livro
Idioma:tcheco
Publicado em: Praha Vysoká škola ekonomická 1988
Edição:1. vyd.
Tags: Adicionar Tag
Sem tags, seja o primeiro a adicionar uma tag!

MARC

LEADER 00000nam a2200000 4500
001 c033182
005 20221219085548.2
041 0 |a cze 
044 |a CZ 
245 1 0 |a Právo v nevýrobních odvětvích 
250 |a 1. vyd. 
264 1 |a Praha  |b Vysoká škola ekonomická  |c 1988 
300 |a 125 s. 
710 2 |a Vysoká škola ekonomická v Praze. Obchodní fakulta